000 00462cam a2200181ua 4500
020 _c7.45
041 _aeng
_h
082 _a531
_bDEG/PR
100 _aDegroot, Archibald .
245 _aPractical guide to mechanics /
_cArchibald Degroot.
_hTextual Documents
250 _a1 /
_b.
260 _aMumbai :
_bD B Taraporevala sons & Co. Pvt. Ltd. ,
_c1972.
300 _a874 ; .
365 _a7.45
504 _a
942 _cBK
999 _c8567
_d8567